Dokumentumok
Elmentve itt :
| További közreműködők: | |
|---|---|
| Dokumentumtípus: | Könyv része |
| Megjelent: |
2008
|
| Sorozat: | Documenta Historica
Spanyol dinasztikus alternatíva : a karlisták |
| Kulcsszavak: | Spanyolország története - 19. sz. |
| Tárgyszavak: | |
| Online Access: | http://acta.bibl.u-szeged.hu/10972 |
| LEADER | 00707naa a2200217 i 4500 | ||
|---|---|---|---|
| 001 | acta10972 | ||
| 005 | 20211214101219.0 | ||
| 008 | 161015s2008 hu o 0|| hun d | ||
| 022 | |a 1216-0954 | ||
| 040 | |a SZTE Egyetemi Kiadványok Repozitórium |b hun | ||
| 041 | |a hun | ||
| 245 | 0 | 0 | |a Dokumentumok |h [elektronikus dokumentum] |
| 260 | |c 2008 | ||
| 300 | |a 11-47 | ||
| 490 | 0 | |a Documenta Historica | |
| 490 | 0 | |a Spanyol dinasztikus alternatíva : a karlisták | |
| 650 | 4 | |a Bölcsészettudományok | |
| 650 | 4 | |a Történettudomány és régészet | |
| 695 | |a Spanyolország története - 19. sz. | ||
| 700 | 0 | 1 | |a Polácska Edina |
| 856 | 4 | 0 | |u http://acta.bibl.u-szeged.hu/10972/1/doc_081_011-047.pdf |z Dokumentum-elérés |